| 000 | 01787cam a22001934a 4500 | ||
|---|---|---|---|
| 005 | 20250605164144.0 | ||
| 008 | 250528s ||||||||||||||||||||||||d | ||
| 035 | _a19104 | ||
| 020 | _a9603410098 | ||
| 040 |
_aGR-AtMCL _bgre _dGR-AtMCL _eAACR2 |
||
| 245 | 1 | _aΕκθέσεις 13 / Ελεύθερη Διακίνηση Εργαζόμενων στην Κοινότητα και η Πολιτική Απασχόλησης στην Ελλάδα | |
| 260 |
_bΚέντρο Προγραμματισμού Και Οικονομικών Ερευνών, _c1994 |
||
| 300 | _a228 | ||
| 520 | _aΕισαγωγή, Ευρωπαϊκή Κοινότητα και Ελεύθερη Διακίνηση των Εργαζομένων, Το Θεσμικό Πλαίσιο για την Ελεύθερη Διακίνηση των Εργαζομένων, Ενέργειες των Κ-Μ και της Επιτροπής της Κοινότητας για την Προώθηση της ΕΔ, Από την Παραδοσιακή Μετανάστευση στην ΕΔ: Προοπτικές και Συνέπειες των Νέων Μεταναστευτικών Ροών στα Πλαίσια της ΕΔ, ΕΔ και η Πολιτική Απασχόλησης στην Ελλάδα, Η Έρευνα της Αγοράς Εργασίας, Υπηρεσίες Απασχόλησης και ΕΔ, Επαγγελματική Εκπαίδευση και Κατάρτιση, Παροχές Ανεργίας, Προγράμματα Απασχόλησης και Κατάρτισης, Συμπεράσματα και Προτάσεις πολιτικής, Βιβλιογραφία. | ||
| 700 | 1 |
_aΕυστρατόγλου Κωνσταντίνος Β _95351 |
|
| 942 | _cBK | ||
| 999 |
_c4383 _d4383 |
||